Score 0/20 Timer 04:00
0 Plays Today
Scrambled Word Unscrambled Word % Correct
LKTATALK
96.7%
EDSISIDE
96.7%
OOLPPOOL
96.6%
MITETIME
96%
EADHHEAD
93.6%
WEINWINE
88.8%
APLMLAMP
87.5%
HURTTTRUTH
81.6%
DEGRIBBRIDGE
72.8%
ARGUSSUGAR
69.4%
Scrambled Word Unscrambled Word % Correct
FOECEFCOFFEE
63.4%
INTENSTENNIS
48.2%
CRESCOSOCCER
48.1%
EWARTWATER
46.8%
LINDFOGFOLDING
44.5%
Word in common with all above:TABLE
32.2%
NAMESRNMANNERS
32.2%
FRAGDINTDRAFTING
28.7%
PLINTMUTICAOILMULTIPLICATION
15.6%
CODEIRIPPERIODIC
9.8%
Remove Ads.
Support Sporcle.
Get the best of Sporcle when you Go Orange. This ad-free experience offers more features, more stats, and more fun while also helping to support Sporcle. Thank you for becoming a member.

You're not logged in!

Compare scores with friends on all Sporcle quizzes.
OR
Log In

Show Comments

Extras

Top Quizzes Today


Score Distribution

Your Account Isn't Verified!

In order to create a playlist on Sporcle, you need to verify the email address you used during registration. Go to your Sporcle Settings to finish the process.

Report this User

Report this user for behavior that violates our Community Guidelines.

Details: